| 000 | 00450pab a2200169 454500 | ||
|---|---|---|---|
| 008 | 180718b2012 xxu||||| |||| 00| 0 eng d | ||
| 100 | _aHazra, Anupam | ||
| 245 | _aStrengthening infrastructural base of rural India: Realities and constraints | ||
| 260 | _c2012 | ||
| 300 | _ap.14-17. | ||
| 362 | _aOct | ||
| 650 | _aRural development - India | ||
| 650 | _aRural development | ||
| 773 | _aKurukshetra (English) | ||
| 908 | _aN | ||
| 909 | _a97957 | ||
| 999 |
_c97956 _d97956 |
||